<?xml version="1.0" encoding="UTF-8"?><?xml-stylesheet type="text/xsl" href="static/style.xsl"?><OAI-PMH xmlns="http://www.openarchives.org/OAI/2.0/" xmlns:xsi="http://www.w3.org/2001/XMLSchema-instance" xsi:schemaLocation="http://www.openarchives.org/OAI/2.0/ http://www.openarchives.org/OAI/2.0/OAI-PMH.xsd"><responseDate>2026-04-27T20:08:17Z</responseDate><request verb="GetRecord" identifier="oai:uvadoc.uva.es:10324/48683" metadataPrefix="marc">https://uvadoc.uva.es/oai/request</request><GetRecord><record><header><identifier>oai:uvadoc.uva.es:10324/48683</identifier><datestamp>2021-09-19T18:31:44Z</datestamp><setSpec>com_10324_1158</setSpec><setSpec>com_10324_931</setSpec><setSpec>com_10324_894</setSpec><setSpec>col_10324_1242</setSpec></header><metadata><record xmlns="http://www.loc.gov/MARC21/slim" xmlns:doc="http://www.lyncode.com/xoai" xmlns:xsi="http://www.w3.org/2001/XMLSchema-instance" xmlns:dcterms="http://purl.org/dc/terms/" xsi:schemaLocation="http://www.loc.gov/MARC21/slim http://www.loc.gov/standards/marcxml/schema/MARC21slim.xsd">
<leader>00925njm 22002777a 4500</leader>
<datafield tag="042" ind1=" " ind2=" ">
<subfield code="a">dc</subfield>
</datafield>
<datafield tag="720" ind1=" " ind2=" ">
<subfield code="a">Cimavilla Román, Paula</subfield>
<subfield code="e">author</subfield>
</datafield>
<datafield tag="720" ind1=" " ind2=" ">
<subfield code="a">Santiago Calvo, Mercerdes</subfield>
<subfield code="e">author</subfield>
</datafield>
<datafield tag="720" ind1=" " ind2=" ">
<subfield code="a">Rodríguez Pérez, Miguel Ángel</subfield>
<subfield code="e">author</subfield>
</datafield>
<datafield tag="260" ind1=" " ind2=" ">
<subfield code="c">2021</subfield>
</datafield>
<datafield tag="520" ind1=" " ind2=" ">
<subfield code="a">The modulus build-up and relative density evolution during the reactive foaming of four standard polyurethane formulations was monitored in-situ by Dynamic Mechanical Analysis (DMA) with a customised set-up in parallel plate geometry. The modulus increased from 0.01 MPa in the first minutes to over 1.2 MPa within 20 min. The set-up also enabled the recording of vitrification followed by curing times. These typically occur within 3 min of each other. The results of DMA are corroborated by measurements of the reaction kinetics with Infrared Spectroscopy. This goes to show that the modulus remains nearly unchanged during the stage of swiftest isocyanate conversion, while the point of gel conversion is accompanied by their increase.</subfield>
</datafield>
<datafield tag="024" ind2=" " ind1="8">
<subfield code="a">Polymer Testing, 2021, In Press, 107336</subfield>
</datafield>
<datafield tag="024" ind2=" " ind1="8">
<subfield code="a">0142-9418</subfield>
</datafield>
<datafield tag="024" ind2=" " ind1="8">
<subfield code="a">https://uvadoc.uva.es/handle/10324/48683</subfield>
</datafield>
<datafield tag="024" ind2=" " ind1="8">
<subfield code="a">10.1016/j.polymertesting.2021.107336</subfield>
</datafield>
<datafield tag="245" ind1="0" ind2="0">
<subfield code="a">Dynamic Mechanical Analysis during polyurethane foaming: Relationship between modulus build-up and reaction kinetics</subfield>
</datafield>
</record></metadata></record></GetRecord></OAI-PMH>